| 000 | 00858nam a2200265 a 4500 | ||
|---|---|---|---|
| 001 | 6789 | ||
| 003 | BD-DhEWU | ||
| 005 | 20220908214119.0 | ||
| 008 | 220908s2020 bg a g b 000 0 ben d | ||
| 020 | _a9789844328495 | ||
| 040 |
_aBD-DhEWU _bben _cBD-DhEWU |
||
| 041 | _aben | ||
| 082 | 0 | 4 |
_a954.92051 _bMOS 2020 |
| 100 | 1 |
_aমতিন, আবদুল. _gAbdul Motin. _925562 |
|
| 245 | 1 | 0 |
_aস্বাধীনতা সংগ্রামে প্রবাসী বাঙালী / _cআবদুল মতিন. |
| 246 | _aSwadhinota songgrame probasi bangali / | ||
| 250 | _a4th ed. | ||
| 260 |
_aDhaka : _bAnanya, _c2020. |
||
| 300 |
_a255 p. : _bill. ; _c22 cm |
||
| 504 | _aIncludes bibliographical references and index | ||
| 526 | _aLibrary | ||
| 650 |
_aLiberation war _zBangladesh. |
||
| 942 |
_2ddc _cTEXT |
||